| 000 | 00967nam a22002897a 4500 | ||
|---|---|---|---|
| 999 |
_c21611 _d21611 |
||
| 003 | AR-CdUCM | ||
| 008 | 190312b ||||| |||| 00| 0 spa d | ||
| 020 | _a9786123191849 | ||
| 040 |
_aMUNICIPALIDAD PROVINCIAL DEL CUSCO _cBIBLIOTECA MUNICIPAL DEL CUSCO |
||
| 082 |
_a303.60/R88 _bR88 |
||
| 100 |
_aRoyo-Villanova y Payá, Jaime _945524 |
||
| 245 |
_aLa otra cara del Baguazo / _cJaime Royo-Villanova y Payá |
||
| 260 |
_aLima : _bPlaneta, _c2017. |
||
| 300 |
_a215 páginas. : _bilustraciones en color ; _c23 cm. |
||
| 500 | _zBibliografía: p. 215. | ||
| 650 |
_aManuin Valera, Santiago _945525 |
||
| 650 |
_aConflicto de Bagua _945526 |
||
| 650 |
_aConflicto social _945013 |
||
| 650 |
_aIndígenas del Perú _95715 |
||
| 650 |
_aIndígenas aguarunas _93432 |
||
| 650 |
_aRelaciones gubernamentales _932083 |
||
| 650 |
_aAmazonas _97356 |
||
| 650 |
_aVida y costumbres sociales _9857 |
||
| 650 |
_aPerú _945527 |
||
| 942 |
_2ddc _cLIBROS |
||
| 945 | _aRoel | ||